00434 2200181 4500001002100000005001500021008004100036020002200077035001900099041000700118082000800125090001400133100001900147245002400166260002700190300002400217650001100241INLIS00000000001479620241224114819241224||||||||| | ||| |||| || |  a978-979-665-820-6 0010-1224014796 aid0 a532 a532 LUC m0 aLucia Canonica00aMemahami Hidraulika aBandungbAngkasac1995 avi, 88hlm; 18x25 cm 0aFisika